[Event "IECG TE.2001.P.00905 email"]
[Site "IECG email"]
[Date "2001.12.09"]
[Round "?"]
[White "Che, Nellodoc"]
[Black "Dennis, Earl"]
[Result "1-0"]
[WhiteElo "1500"]
[BlackElo "1194"]
[PlyCount "34"]
[EventDate "2001.12.09"]
[EventType "tourn (corr)"]
[EventRounds "8"]
[SourceTitle "Corr 2008"]
[Source "ChessBase"]
[SourceDate "2008.06.24"]
[SourceVersion "1"]
[SourceVersionDate "2008.06.24"]
[SourceQuality "1"]

1. d4 Nf6 2. c4 e5 3. dxe5 Ng4 4. Bf4 Nc6 5. Nf3 Bb4+ 6. Nbd2 Qe7 7. a3 Bxd2+ 8. Qxd2 Ngxe5 9. Nxe5 Nxe5 10. e3 d6 11. Be2 Ng6 12. Bg3 0-0 13. 0-0 Rd8 14. Rad1 Be6 15. Qc3 c6 16. e4 f6 17. Rfe1 Rd7 1-0

[Event "IECG CF.2001.0.00007 email"]
[Site "IECG email"]
[Date "2001.07.18"]
[Round "?"]
[White "Dennis, Earl"]
[Black "Hilgert, Dieter"]
[Result "1-0"]
[WhiteElo "1000"]
[BlackElo "1145"]
[PlyCount "57"]
[EventDate "2001.07.18"]
[EventType "tourn (corr)"]
[EventRounds "6"]
[SourceTitle "Corr 2008"]
[Source "ChessBase"]
[SourceDate "2008.06.24"]
[SourceVersion "1"]
[SourceVersionDate "2008.06.24"]
[SourceQuality "1"]

1. e4 e5 2. d4 exd4 3. c3 dxc3 4. Bc4 cxb2 5. Bxb2 Qe7 6. Nd2 Nf6 7. e5 d5 8. Bb3 Nfd7 9. Ngf3 Nb6 10. 0-0 c5 11. a4 a5 12. Re1 Nc6 13. Nb1 Nb4 14. Nc3 c4 15. Bc2 Bg4 16. Bb1 Qd7 17. Qd4 Bxf3 18. gxf3 Qe6 19. Nb5 Rc8 20. Bc3 Bc5 21. Nd6+ Kf8 22. Qh4 Rb8 23. f4 d4 24. Bxd4 Bxd4 25. Qh5 Bxa1 26. f5 Qd7 27. e6 Qe7 28. Nxf7 Qxf7 29. Qxf7# 1-0

[Event "IECG CF.2001.0.00007 email"]
[Site "IECG email"]
[Date "2001.07.18"]
[Round "?"]
[White "Kyllo, Richard"]
[Black "Dennis, Earl"]
[Result "0-1"]
[WhiteElo "1006"]
[BlackElo "1000"]
[PlyCount "134"]
[EventDate "2001.07.18"]
[EventType "tourn (corr)"]
[EventRounds "6"]
[SourceTitle "Corr 2008"]
[Source "ChessBase"]
[SourceDate "2008.06.24"]
[SourceVersion "1"]
[SourceVersionDate "2008.06.24"]
[SourceQuality "1"]

1. e4 Nc6 2. d4 d6 3. d5 Ne5 4. f4 e6 5. fxe5 Qh4+ 6. Ke2 exd5 7. exd5 Bg4+ 8. Nf3 dxe5 9. Nc3 f5 10. Qe1 Qh5 11. Qf2 e4 12. Ke1 exf3 13. gxf3 Bxf3 14. Rg1 0-0-0 15. Rg5 Qe8+ 16. Be2 Bg4 17. Qe3 Qxe3 18. Bxe3 h6 19. Rg6 Ne7 20. Re6 Bxe2 21. Kxe2 Nxd5 22. Nxd5 Rxd5 23. Bxa7 Kd7 24. Rg6 Re5+ 25. Kf3 b6 26. a4 Ra5 27. Bxb6 cxb6 28. Rxb6 Kc7 29. Rg6 Rg8 30. Rag1 Rxa4 31. Rxh6 Rg4 32. Rg6 Rxg1 33. Rxg1 Bd6 34. Rg2 Be5 35. b3 Rh8 36. Rg5 Rh3+ 37. Ke2 Rxh2+ 38. Kf3 Rxc2 39. Rxf5 Kd6 40. Ke4 Rd2 41. Rf1 Rb2 42. Rd1+ Ke6 43. Rd8 g5 44. Re8+ Kf6 45. Rf8+ Ke7 46. Rf5 Bf4 47. Rb5 Ke6 48. Rb6+ Bd6 49. Kf3 Kd5 50. Rb5+ Bc5 51. Kg4 Kc6 52. Rb8 Rg2+ 53. Kf3 Rg1 54. Rg8 Kb5 55. Rb8+ Ka5 56. Ke4 g4 57. Rb7 g3 58. Kf3 Bd6 59. Rg7 Rc1 60. Rg6 Rc3+ 61. Kg2 Bc7 62. Rg5+ Kb4 63. Rg7 Kxb3 64. Rg6 Rc2+ 65. Kf1 Rf2+ 66. Kg1 Bf4 67. Rg7 Kc3 0-1